000 00227 a2200097 4500
001 14177
100 _aConnor J.D
245 _aRiverside textbooks in education
260 _aBoston
_bHoughton mifflin
_c
090 _c11121
_d11121
942 _aNUST-CAE
_cM
_c1250
999 _c249250
_d249250